Statistics for Juventus Top Trophy Winners

Click here to take the quiz!

General Stats

  • This quiz has been taken 47 times
  • The average score is 3 of 13

Answer Stats

Serie ACoppa ItaliaSupercoppa ItaliaEuropeSerie BTotalAnswer% Correct
11450121Gianluigi Buffon
97%
8144118Alessandro DelPiero
90%
8430116Giorgio Chiellini
67%
7430115Claudio Marchisio
8%
6144015Ciro Ferrara
5%
7205014Gaetano Scirea
5%
7430014Andrea Barzagli
5%
5144115Antonio Conte
3%
6205013Antonio Cabrini
3%
6430013Kwadwo Asamoah
3%
6144115Alessio Tacchinardi
0%
6043114Gianluca Pessotto
0%
7430014Stephan Lichtsteiner
0%

Score Distribution

Percentile by Number Answered

Percent of People with Each Score

Your Score History

You have not taken this quiz